000 01079nam a22002417a 4500
003 Uzh_bibl
008 250825b |||||||| |||| 00| 0 ukr d
020 _a966-333-068-6
_c11.00
040 _bукр.
041 _2ukr
_aukr
080 _a91
090 _a91
_bС 75
100 _aСтадник, О.Г.
245 _a Країни світу у цифрах і фактах
_hТекст
260 _aХарків
_b"Основа"
_c2004
300 _a288 с.
_fВ опр.
520 _aУ довіднику представлено інформацію про історію, природні умови та ресурси, господарство, населення, торгівлю, визначні памятники 208 країн світу.
521 _aДля викладачів шкіл та ВНЗ - географів, істориків, економістів, політодлогів, студентів та учнів.
546 _aукр.
650 _aДовідкове видання
655 _aДовідник
942 _2udc
_cBK
999 _c15349
_d15349